<?xml version="1.0" encoding="UTF-8"?>
<record
    xmlns:xsi="http://www.w3.org/2001/XMLSchema-instance"
    xsi:schemaLocation="http://www.loc.gov/MARC21/slim http://www.loc.gov/standards/marcxml/schema/MARC21slim.xsd"
    xmlns="http://www.loc.gov/MARC21/slim">

  <leader>01951cam a2200373Ia 4500</leader>
  <datafield tag="999" ind1=" " ind2=" ">
    <subfield code="c">4753</subfield>
    <subfield code="d">4753</subfield>
  </datafield>
  <datafield tag="020" ind1=" " ind2=" ">
    <subfield code="a">9780080922737</subfield>
  </datafield>
  <datafield tag="020" ind1=" " ind2=" ">
    <subfield code="a">0080922732</subfield>
  </datafield>
  <datafield tag="020" ind1=" " ind2=" ">
    <subfield code="a">9780128004944</subfield>
  </datafield>
  <datafield tag="020" ind1=" " ind2=" ">
    <subfield code="a">0128004940</subfield>
  </datafield>
  <datafield tag="082" ind1="0" ind2="4">
    <subfield code="a">615.9 GUP</subfield>
  </datafield>
  <datafield tag="100" ind1=" " ind2=" ">
    <subfield code="a">Gupta,Ramesh.C</subfield>
  </datafield>
  <datafield tag="245" ind1="0" ind2="0">
    <subfield code="a">Handbook of toxicology of chemical warfare agents /</subfield>
  </datafield>
  <datafield tag="250" ind1=" " ind2=" ">
    <subfield code="a">1st ed.</subfield>
  </datafield>
  <datafield tag="260" ind1=" " ind2=" ">
    <subfield code="a">U.S.A</subfield>
    <subfield code="b">Academic Press</subfield>
    <subfield code="c">2009</subfield>
  </datafield>
  <datafield tag="300" ind1=" " ind2=" ">
    <subfield code="a">1 online resource (xviii, 1147 pages, 14 unnumbered pages of plates) :</subfield>
    <subfield code="b">illustrations, portraits</subfield>
  </datafield>
  <datafield tag="500" ind1=" " ind2=" ">
    <subfield code="a">Electronic resource.</subfield>
  </datafield>
  <datafield tag="505" ind1="0" ind2=" ">
    <subfield code="a">section 1. Introduction, historical perspective, and epidemiology -- section 2. Agents that can be used as weapons of mass destruction -- section 3. Target organ toxicity -- section 4. Special topics -- section 5. Risks to animals and wildlife -- section 6. Toxicokinetics and physiologically based pharmacokinetics -- section 7. Analytical methods, biosensors, and biomarkers -- section 8. Prophylactic, therapeutic, and countermeasures -- section 9. Decontamination of chemical warfare agents.</subfield>
  </datafield>
  <datafield tag="520" ind1=" " ind2=" ">
    <subfield code="a">Covers various aspects of deadly toxic chemicals used as weapons of mass destruction and employed in conflicts, warfare and terrorism. This book covers individual toxicants, target organ toxicity, major incidents, toxic effects in humans, animals and wildlife, biosensors, biomarkers, and on-site and laboratory analytical methods.</subfield>
  </datafield>
  <datafield tag="650" ind1=" " ind2="0">
    <subfield code="a">Chemical agents (Munitions)</subfield>
  </datafield>
  <datafield tag="650" ind1=" " ind2="0">
    <subfield code="a">Chemical warfare.</subfield>
  </datafield>
  <datafield tag="650" ind1=" " ind2="0">
    <subfield code="a">Toxicology.</subfield>
  </datafield>
  <datafield tag="650" ind1=" " ind2="0">
    <subfield code="a">Chemical weapons.</subfield>
  </datafield>
  <datafield tag="650" ind1=" " ind2="7">
    <subfield code="a">MEDICAL</subfield>
  </datafield>
  <datafield tag="650" ind1=" " ind2="7">
    <subfield code="a">Chemical agents (Munitions)</subfield>
  </datafield>
  <datafield tag="650" ind1=" " ind2="7">
    <subfield code="a">Chemical warfare.</subfield>
  </datafield>
  <datafield tag="650" ind1=" " ind2="7">
    <subfield code="a">Chemical weapons.</subfield>
  </datafield>
  <datafield tag="650" ind1=" " ind2="7">
    <subfield code="a">Toxicology.</subfield>
  </datafield>
  <datafield tag="650" ind1="1" ind2="2">
    <subfield code="a">Chemical Warfare Agents</subfield>
  </datafield>
  <datafield tag="650" ind1="2" ind2="2">
    <subfield code="a">Chemical Warfare.</subfield>
  </datafield>
  <datafield tag="650" ind1="2" ind2="2">
    <subfield code="a">Poisons</subfield>
  </datafield>
  <datafield tag="700" ind1="1" ind2=" ">
    <subfield code="a">Gupta, Ramesh C.</subfield>
  </datafield>
  <datafield tag="856" ind1="4" ind2="0">
    <subfield code="u">http://proxy.library.tamu.edu/login?url=http://app.knovel.com/hotlink/toc/id:kpHTCWAE0C/handbook-of-toxicology</subfield>
  </datafield>
  <datafield tag="942" ind1=" " ind2=" ">
    <subfield code="c">BK</subfield>
  </datafield>
  <datafield tag="952" ind1=" " ind2=" ">
    <subfield code="0">0</subfield>
    <subfield code="1">0</subfield>
    <subfield code="7">0</subfield>
    <subfield code="8">NFIC</subfield>
    <subfield code="a">IC</subfield>
    <subfield code="b">IC</subfield>
    <subfield code="c">GEN</subfield>
    <subfield code="d">2019-07-01</subfield>
    <subfield code="l">3</subfield>
    <subfield code="o">615.9 GUP</subfield>
    <subfield code="p">007427</subfield>
    <subfield code="r">2023-12-17 11:45:38</subfield>
    <subfield code="s">2023-12-04</subfield>
    <subfield code="w">2019-07-01</subfield>
    <subfield code="y">BK</subfield>
  </datafield>
</record>
